El Secreto del imperio español : (Record no. 196978)
[ view plain ]
| 000 -LEADER | |
|---|---|
| campo de control de longitud fija | 01468nam a2200349 i 4500 |
| 001 - NÚMERO DE CONTROL | |
| campo de control | 196978 |
| 003 - IDENTIFICADOR DE NÚMERO DE CONTROL | |
| campo de control | ES-MaACL |
| 005 - FECHA Y HORA DE LA ÚLTIMA TRANSACCIÓN | |
| campo de control | 20250826043917.0 |
| 008 - DATOS DE LONGITUD FIJA--INFORMACIÓN GENERAL | |
| campo de control de longitud fija | 250218s2012 mx a|||f |||| 000|0dspa c |
| 020 ## - NÚMERO INTERNACIONAL ESTÁNDAR DEL LIBRO | |
| Número Internacional Estándar del Libro | 9786074624151 |
| 035 ## - NÚMERO DE CONTROL DEL SISTEMA | |
| Número de control de sistema | (ES-BaCBU).b5466875x |
| 040 ## - FUENTE DE CATALOGACIÓN | |
| Centro catalogador/agencia de origen | ES-BaCBU |
| Lengua de catalogación | cat |
| Centro/agencia transcriptor | ES-BaCBU |
| 245 03 - MENCIÓN DEL TÍTULO | |
| Título | El Secreto del imperio español : |
| Resto del título | los situados coloniales en el siglo XVIII / |
| Mención de responsabilidad, etc. | Carlos Marichal, Johanna von Grafenstein, coordinadores. |
| 250 ## - MENCION DE EDICION | |
| Mención de edición | Primera edición 2012 |
| 260 ## - PUBLICACIÓN, DISTRIBUCIÓN, ETC. | |
| Lugar de publicación, distribución, etc. | México : |
| Nombre del editor, distribuidor, etc. | El Colegio de México. Centro de Estudios Históricos, |
| -- | Instituto Mora, |
| Fecha de publicación, distribución, etc. | 2012. |
| 300 ## - DESCRIPCIÓN FÍSICA | |
| Extensión | 373 páginas : |
| Otras características físicas | ilustrado ; |
| Dimensiones | 22 cm. |
| 336 ## - TIPO DE CONTENIDO | |
| Fuente | rdacontent |
| Término de tipo de contenido | texto |
| 337 ## - TIPO DE MEDIO | |
| Fuente | rdamedia |
| Nombre/término del tipo de medio | sin mediación |
| 338 ## - TIPO DE SOPORTE | |
| Fuente | rdacarrier |
| Nombre/término del tipo de soporte | volumen |
| 650 #4 - PUNTO DE ACCESO ADICIONAL DE MATERIA--TÉRMINO DE MATERIA | |
| Término de materia o nombre geográfico como elemento de entrada | Impuestos- |
| Subdivisión geográfica | España |
| 9 (RLIN) | 13634 |
| 650 #4 - PUNTO DE ACCESO ADICIONAL DE MATERIA--TÉRMINO DE MATERIA | |
| Término de materia o nombre geográfico como elemento de entrada | Finanzas |
| 9 (RLIN) | 12870 |
| 651 #4 - PUNTO DE ACCESO ADICIONAL DE MATERIA--NOMBRE GEOGRÁFICO | |
| Nombre geográfico | España- |
| Subdivisión general | Colonias- |
| Subdivisión de forma | Historia |
| 9 (RLIN) | 8175 |
| 700 1# - ENTRADA AGREGADA--NOMBRE PERSONAL | |
| Nombre de persona | Marichal, Carlos |
| 9 (RLIN) | 76699 |
| Término indicativo de función/relación | Coordinador |
| 700 1# - ENTRADA AGREGADA--NOMBRE PERSONAL | |
| Nombre de persona | Grafenstein, Johanna von |
| 9 (RLIN) | 239731 |
| Término indicativo de función/relación | Coordinador |
| 710 2# - ENTRADA AGREGADA--NOMBRE DE ENTIDAD CORPORATIVA | |
| Nombre de entidad corporativa o nombre de jurisdicción como elemento de entrada | Colegio de México. |
| Unidad subordinada | Centro de Estudios Históricos |
| 9 (RLIN) | 239732 |
| 710 ## - ENTRADA AGREGADA--NOMBRE DE ENTIDAD CORPORATIVA | |
| Nombre de entidad corporativa o nombre de jurisdicción como elemento de entrada | Instituto de Investigaciones Dr. José María Luis Mora |
| 9 (RLIN) | 239733 |
| 852 ## - LOCALIZACIÓN | |
| Ubicación | ES-MaACL |
| Ubicación en estantería | Depósito J |
| Número de control de estantería | N-10359 |
| Encuadernación | Encuaderanción rústica con solapas |
| itemnumber | 206481 |
| Donativo/Legado | Donación: Editorial |
| 942 ## - ELEMENTOS DE ENTRADA SECUNDARIOS (KOHA) | |
| Tipo de ítem Koha | Libro impreso |
| Suprimir en OPAC | No |
| Estatus retirado | Estado de pérdida | Fuente del sistema de clasificación o colocación | Estado de daño | No para préstamo | Biblioteca de origen | Biblioteca actual | Ubicación en estantería | Fecha de adquisición | Fuente de adquisición | Total de préstamos | Signatura topográfica completa | Código de barras | Visto por última vez | Precio de reemplazo | Tipo de ítem Koha |
|---|---|---|---|---|---|---|---|---|---|---|---|---|---|---|---|
| Clasificación decimal universal | Biblioteca del Ateneo de Madrid | Biblioteca del Ateneo de Madrid | Depósito J | 07/08/2025 | Donación | N-10359 | 2025-0860 | 07/08/2025 | 07/08/2025 | Libro impreso |
